La enseñanza del lenguaje como comunicación
Tallennettuna:
| Päätekijä: | |
|---|---|
| Aineistotyyppi: | Kirja |
| Kieli: | espanja |
| Julkaistu: |
Buenos Aires
Paidós
1975
|
| Sarja: | Biblioteca del educador contemporáneo. Serie menor, 131
|
| Aiheet: | |
| Tagit: |
Lisää tagi
Ei tageja, Lisää ensimmäinen tagi!
|
MARC
| LEADER | 00000nam a2200000 a 4500 | ||
|---|---|---|---|
| 001 | UCY8933 | ||
| 003 | CL-VaPUC | ||
| 008 | 950707e19750000AG |||||||||||||||||spa|d | ||
| 082 | 0 | 4 | |a 372.6 |b MAY |2 21 |
| 100 | |a May, Frank B. |e autor |9 340774 | ||
| 245 | 1 | 3 | |a La enseñanza del lenguaje como comunicación |
| 300 | |a 235 p | ||
| 942 | |c BK | ||
| 945 | |d 19950707 00:00:00 |a cmena | ||
| 260 | |a Buenos Aires |b Paidós |c 1975 | ||
| 650 | 0 | |a Educación lingüística |9 306506 | |
| 650 | 0 | |a Comportamiento |9 308406 | |
| 650 | 0 | |a Creatividad |9 310816 | |
| 650 | 0 | |a Desarrollo del lenguaje |9 311270 | |
| 650 | 0 | |a Psicolingüística |9 283371 | |
| 650 | 0 | |a Proceso de comunicación |9 332060 | |
| 583 | |a last modification |c 19950707 00:00:00 |k Rodrigo Vera | ||
| 490 | 0 | |a Biblioteca del educador contemporáneo. Serie menor, 131 | |
| 999 | |c 236111 |d 236109 | ||
| 952 | |0 0 |1 0 |4 0 |6 372_600000000000000_MAY_1975 |7 0 |8 P |9 243966 |a BIBEDU |b BIBEDU |c BIBEDU_PB |d 2019-11-18 |i 1526960 |o 372.6 MAY 1975 |p 1526960 |r 2024-01-25 |w 2019-11-18 |y BK |k EDU | ||